| 000 -LEADER |
| fixed length control field |
00592cam a22002054a 4500 |
| 020 ## - INTERNATIONAL STANDARD BOOK NUMBER |
| ISBN |
0070049238 |
| 020 ## - INTERNATIONAL STANDARD BOOK NUMBER |
| ISBN |
0070049491 |
| 020 ## - INTERNATIONAL STANDARD BOOK NUMBER |
| ISBN |
0070049203 |
| 040 ## - CATALOGING SOURCE |
| Transcribing agency |
DLC |
| 082 ## - DEWEY DECIMAL CLASSIFICATION NUMBER |
| Classification number |
909 MCG 2000 A099 Or. |
| 100 1# - MAIN ENTRY--AUTHOR NAME |
| Personal name |
Bentley, Jerry H., |
| 245 10 - TITLE STATEMENT |
| Title |
Traditions & encounters : |
| Remainder of title |
a global perspective on the past / |
| 246 3# - VARYING FORM OF TITLE |
| Title proper/short title |
Traditions and encounters |
| 260 ## - PUBLICATION, DISTRIBUTION, ETC. (IMPRINT) |
| Place of publication |
Boston : |
| Name of publisher |
McGraw Hill, |
| Year of publication |
c2000 |
| 300 ## - PHYSICAL DESCRIPTION |
| Number of Pages |
1 v. (various pagings) : |
| Other physical details |
col. ill., maps ; |
| Dimensions |
27 cm |
| 650 #0 - SUBJECT ADDED ENTRY--TOPICAL TERM |
| Topical Term |
World history |
| 650 #0 - SUBJECT ADDED ENTRY--TOPICAL TERM |
| Topical Term |
Intercultural communication |
| 700 1# - ADDED ENTRY--PERSONAL NAME |
| Personal name |
Ziegler, Herbert F., |
| 942 ## - ADDED ENTRY ELEMENTS (KOHA) |
| Koha item type |
សៀវភៅភាសាអង់គ្លេស |
| 952 ## - LOCATION AND ITEM INFORMATION (KOHA) |
| Withdrawn status [LOCAL, KOHA] |
0 |
| 952 ## - LOCATION AND ITEM INFORMATION (KOHA) |
| Withdrawn status [LOCAL, KOHA] |
0 |